[Event "Rijeka Liburnija 1st"]
[Site "Rijeka"]
[Date "2005.04.13"]
[Round "3"]
[White "Fercec, Nenad"]
[Black "Kovacevic, Blazimir"]
[Result "1-0"]
[WhiteElo "2504"]
[BlackElo "2510"]
[Annotator "Psakhis,L"]
[PlyCount "76"]
[EventDate "2005.04.11"]
[EventType "tourn"]
[EventRounds "11"]
[EventCountry "CRO"]
[EventCategory "10"]
[SourceTitle "CBM 107"]
[Source "ChessBase"]
[SourceDate "2005.08.01"]
[SourceVersion "1"]
[SourceVersionDate "2005.08.01"]
[SourceQuality "1"]

1. e4 e6 2. d4 d5 3. Nd2 c5 4. exd5 exd5 5. Ngf3 Nf6 6. Bb5+ Bd7 7. Bxd7+ Nbxd7
8. O-O Be7 9. dxc5 Nxc5 10. Nb3 Nce4 11. Nfd4 Qd7 (11... O-O $6 12. Nf5 Re8 13.
Nxe7+ Qxe7 14. Be3 Nd6 15. Bd4 Nd7 16. Qd2 Ne4 17. Qf4 Nef6 18. Rad1 Qb4 19.
Qf3 a6 20. c3 $14 {[%csl Gd4] 1-0 Ye Jiangchuan-Pelletier,Y/Bled Olympiad 2002/
(38)}) 12. f3 (12. Qf3 O-O 13. Nf5 Bd8 14. Be3 g6 15. Ng3 Re8 16. Rfd1 Qc8 17.
c3 a5 18. a4 Ra6 19. h3 Nxg3 20. Qxg3 Ne4 $11 {1/2-1/2 Holzke,F-Psakhis,L/
Pardubice KB op 2003/ (26)}) 12... Nd6 13. Nc5 Qc8 (13... Qc7 14. Nd3 O-O 15.
b3 Rfe8 16. Be3 g6 (16... Nd7 17. Qd2 Bf6 18. Rfe1 Nb6 19. Bf2 h6 20. a4 Rad8
21. Rxe8+ Rxe8 22. Re1 Rxe1+ 23. Nxe1 Nbc8 24. Nd3 Ne7 25. Ne2 Ndf5 {'~~' '1-0
Timofeev,A-Lastin,A/Moscow Aeroflot op-A 2004/(62)'} 26. Ndf4 g6 27. g3 b6 28.
Kg2 d4 29. Qd3 h5 30. Qe4 Qd7 {1-0 Timofeev,A-Lastin,A/Moscow Aeroflot-A 2004/
The Week in Chess 486 (61)}) 17. Qd2 Bf8 18. a4 a6 19. Rfe1 Bg7 20. Bf2 Rac8
21. Rxe8+ Ndxe8 22. Re1 Nd7 23. Qf4 Qd8 24. g4 Nf8 25. h4 Nc7 $11 {1/2-1/2
Grigoriants,S-Dolmatov,S/RUS-ch Krasnoyarsk 2003/(33)}) 14. Nd3 O-O 15. b3 (15.
Qd2 Re8 16. Qf2 a6 17. b3 Bd8 18. Bf4 Nf5 19. Nxf5 Qxf5 20. Rae1 Ba5 21. Bd2
Bxd2 22. Qxd2 h6 23. Rxe8+ Rxe8 24. Re1 Rxe1+ 25. Qxe1 Qc8 26. Qd2 Qc7 27. g3
Qb6+ 28. Kg2 Qd4 29. c3 Qb6 {Popovic,D-Psakhis,L/2nd Internet EUR-ch Gp E
blitz 2004/Chess Today/1/2-1/2 (49)}) (15. Re1 Bd8 16. Bg5 $5 (16. c3 h6 $5
$146 (16... Bb6 17. Be3 $14) 17. a4 (17. Bf4 Nc4 18. b3 Na5 19. Qd2 Nc6 20. Bd6
Re8 $132) (17. Be3 $5) 17... Nc4 $1 (17... Bb6 18. Be3 $14) 18. Kh1 (18. b3 Na5
19. Be3 Bb6 $11) 18... Bb6 19. b3 Na5 $1 20. Ba3 Re8 21. Rxe8+ Qxe8 (21... Nxe8
22. Rc1 Nc6 23. Bc5 Bxc5 24. Nxc5 b6 25. Nd3 Nxd4 (25... Nf6 $11) 26. cxd4 Qf5
$132) 22. Nf5 Nc6 (22... Qd7 23. Ne7+ Kh8 24. Ra2 Nc6 25. Re2 Re8 26. Nxc6 (26.
Qe1 Ba5 27. Nc5 Qd6 28. Nxc6 Rxe2 29. Qxe2 bxc6 $15) 26... Rxe2 27. Qxe2 bxc6
28. Bc5 $11) 23. Qc2 $1 Qd7 $11 {1/2-1/2 Timofeev,A-Potkin,V/Russia 90/241
2004/Inf 90/[Potkin,V] (41)}) 16... Re8 (16... Bb6 {(Timofeev,Ar)} 17. Bxf6
gxf6 18. Nf2 (18. c3 Nf5 19. Nf4 Nxd4 20. cxd4 Qc4 21. Ne2 Rfe8 $132) 18... Qc4
19. c3 (19. Nb3 Rfe8 20. Qd2 Nf5 21. c3 Re6 $1 $36) 19... Rfe8 20. Qd2 Bxd4 21.
cxd4 Nf5 22. Ng4 Kg7) (16... Nd7 17. Bxd8 Qxd8 18. c3 $14) 17. Rxe8+ Ndxe8 18.
Bh4 Bb6 19. Bf2 Nd6 20. c3 Qd7 21. Qc2 Re8 22. Re1 Rxe1+ 23. Nxe1 h5 24. Nd3
Nc4 {1-0 Lenic,L-Kovacevic,B/Rijeka GM 2005 (51)}) (15. Be3 Bd8 (15... Re8 16.
Bf2 Nf5 17. Qd2 Bd6 18. Rae1 Nxd4 19. Bxd4 Qf5 20. Rxe8+ Nxe8 21. Re1 Nc7 22.
Be5 Bxe5 23. Rxe5 $14 {1/2-1/2 McShane,L-Summerscale,A/Southend Redbus KO 2002/
(35)}) 16. Bf2 Re8 17. a4 (17. Re1 Bb6 18. Qd2 Qc4 19. b3 Qc7 20. Rxe8+ Rxe8
21. Re1 Qd7 22. Rxe8+ Ndxe8 23. a4 Qd8 24. g3 g6 25. Kg2 Kg7 26. Qc3 Kg8 27.
Qd2 Kg7 28. Nf4 $14 {Godena,M-Sharif,M/FRA t-ch final 2004/1/2-1/2 (43)}) 17...
Nc4 $5 $146 (17... Nf5 18. Qd2 Bb6 19. Nxf5 Bxf2+ 20. Qxf2 Qxf5 21. Rfe1 Qc8
22. Rxe8+ Qxe8 23. b3 Qc6 24. Re1 Re8 25. Rxe8+ Nxe8 26. Qe3 $36 {1-0 McShane,
L-Pert,N/BCF-ch Torquay 2002/CBM 91/[McShane] (43)}) (17... a6 18. Kh1 Bb6 19.
a5 Ba7 20. b3 Qd7 21. Nf4 Rac8 22. Qd2 h6 {1/2-1/2 Wells,P-Kindermann,S/AUT
t-ch 0203 2003/ (22)}) 18. Qc1 (18. b3 Ne3 19. Bxe3 Rxe3 20. Qd2 Re8 {[%cal
Gd8b6]} 21. a5 $5) 18... Bb6 {[%csl Gb6][%cal Gb6f2] This is also a typical
maneuvre for such positions.} 19. b3 Na5 {[%cal Ga5c6] Sergey Dolmatov wants
to exchange the strong white knight. Understanding which pieces to exchange
and which to keep characterizes a very good player!} (19... Ne5 20. Nxe5 Rxe5
21. Qd2 $14) 20. Qf4 Nc6 {An optimal place for the knight} (20... Bxd4 21. Bxd4
Qxc2 22. Nb4 $140 Nh5) 21. Nf5 $1 {[%csl Gf5]} Bxf2+ 22. Rxf2 Qd8 $11 {1/2-1/2
Akopian,V-Dolmatov,S/RUS t-ch Dagomys 2004/CBM 101/[Psakhis] (26)}) 15... Nf5 (
15... Bd8 $5 16. Kh1 (16. Be3 Re8 17. Bf2 Ba5 18. a4 a6 19. b4 Bb6 20. a5 Ba7
21. Nb3 Bxf2+ 22. Rxf2 Qc3 23. Qd2 Qc4 24. Ndc5 Re7 25. Na4 Rae8 $11 {Sakelsek,
T-Doornbos,Y/FRA t-ch 2004/1/2-1/2 (65)}) 16... Re8 17. Qd2 Nf5 18. Bb2 Bb6 19.
Nxf5 Qxf5 20. g4 Qe6 21. Rae1 Be3 22. Qb4 a5 23. Qxb7 Rab8 24. Qc7 Rbc8 25. Qg3
Rxc2 26. Bd4 Ne4 {1/2-1/2 Azarov,S-Kovalev,A/BLR-ch Minsk 2005/ (30)}) 16. Nxf5
Qxf5 17. Be3 $1 {[%csl Gd4] Beyond any doubt this move is the most crucial for
the evaluation of the whole variation.} Rfd8 $146 (17... Rfe8 18. Qd2 a6 19.
Rae1 Rac8 20. Rf2 Bd6 21. Rfe2 Nd7 22. a4 h6 23. Bf2 Rxe2 24. Rxe2 Nf8 25. Bg3
Bxg3 26. hxg3 Qg6 $14 {1-0 Hansen,C-Brynell,S/Reykjavik zt 2000/CBM 79/
[Psakhis,L] (41)}) 18. Re1 Ne8 ({Worth considering} 18... Nd7 $5 {[%cal Gd7f8,
Gf8e6]}) 19. Bb6 $5 Rd7 (19... axb6 20. Rxe7 $36) 20. Bd4 Bf6 $5 21. Bxf6 (21.
c3 Rc8 $5 (21... Bxd4+ 22. cxd4 Qf6 23. Re5 Nc7 24. Qd2 $14) 22. Qd2 b6 $36)
21... Qxf6 22. Qd2 Nc7 {[%cal Gc7e6]} 23. Rad1 ({Doesn't work} 23. Nc5 Rdd8 24.
Nxb7 $140 $4 Qb6+) 23... Ne6 {Black doesn't have to limit himself to passive
defense, so it was worth considering} (23... d4 $5 {[%csl Rc3][%cal Gc7d5,
Gc7b5] with dream to bring night on c3}) 24. Ne5 Rc7 (24... Rdd8 $5) 25. c3 ({
I think that after principal} 25. Qxd5 $5 Rxc2 26. Qxb7 Rac8 $5 (26... Rf8 27.
Qe4 Rxa2 $140 $2 28. Qb1 $1 Ra3 29. Nd7 $18) 27. Kh1 $36 {white could simply
win the pawn.}) 25... Rd8 (25... h6 26. Qxd5 Rxc3 27. Qxb7 $16) 26. c4 $5 d4
27. Nd3 $14 {[%csl Gd3,Ge1] Now Black has to sit and wait while White
strengthens his position.} Rcd7 28. Re5 b6 (28... Re7 29. Rde1 Rde8 $13) 29.
Rde1 $14 {White's got a clear plan to improve his position, while it is not so
easy for black to come up with active counter-play.} h6 30. f4 $5 (30. Nb4 $5 {
[%cal Cf6f4,Cf4d2,Gb4d5]}) 30... Rc8 31. f5 Nc7 32. Nf4 {Now Black is almost
helpless against the combined threats to his king and to the weak pawn d4.} (
32. Qf4 $5) (32. R1e4 $5 {[%csl Rd4]}) 32... Kh7 (32... Qg5 $5) 33. Nd5 $6 {
Giving up the major part of the advantage.} (33. Qd3 $142 {[%cal Ge5e6]} Kg8
34. R1e4 Rcd8 $16) 33... Qh4 $2 (33... Nxd5 34. cxd5 (34. Rxd5 $2 Rxd5 35. cxd5
Rd8 $17) 34... Qg5 $5 35. Qxd4 f6 36. Re6 Qxf5 37. d6 Rc6 $11) 34. f6 $2 {
This is a serious blunder, White pushes too hard and forgets about simple
defence.} (34. R5e4 $5 Qh5 35. Qd1 $5 Qxd1 (35... Qxf5 $2 36. Ne7) 36. Rxd1
Nxd5 37. Rexd4 $16) 34... d3 $2 (34... Nxd5 $142 35. cxd5 Qxf6 36. Qxd4 Rc2 $11
) 35. fxg7 $2 {Absolutely unnecessary move, which could spoil White's victory.}
(35. R1e4 $1 Rxd5 $8 36. Rxh4 Rxe5 37. fxg7 $18) 35... Rd6 $2 {Comedy of
mistakes continues!} (35... Qd4+ $8 36. Qf2 Qxf2+ 37. Kxf2 Nxd5 38. Rxd5 Rxd5
39. cxd5 Rc5 40. d6 Rd5 41. Ke3 Rxd6 42. Rd1 $11) 36. Ne7 (36. g8=Q+ $1 Rxg8
37. Nxc7) 36... Rcd8 37. Nf5 Qg5 38. Qxg5 hxg5 (38... hxg5 39. Nxd6 Rxd6 40.
Rxg5 $18) 1-0

[Event "BLR-ch 71st"]
[Site "Minsk"]
[Date "2005.03.09"]
[Round "6"]
[White "Azarov, Sergei Nikolaevich"]
[Black "Kovalev, Andrei"]
[Result "1/2-1/2"]
[WhiteElo "2565"]
[BlackElo "2565"]
[Annotator "Psakhis,L"]
[PlyCount "59"]
[EventDate "2005.03.04"]
[EventType "tourn"]
[EventRounds "13"]
[EventCountry "BLR"]
[EventCategory "9"]
[SourceTitle "CBM 106"]
[Source "ChessBase"]
[SourceDate "2005.06.06"]
[SourceVersion "1"]
[SourceVersionDate "2005.06.06"]
[SourceQuality "1"]

1. e4 e6 2. d4 d5 3. Nd2 c5 4. exd5 exd5 5. Ngf3 Nf6 6. Bb5+ Bd7 7. Bxd7+ Nbxd7
8. O-O Be7 9. dxc5 Nxc5 10. Nb3 Nce4 11. Nfd4 Qd7 (11... O-O $6 12. Nf5 Re8 13.
Nxe7+ Qxe7 14. Be3 Nd6 15. Bd4 Nd7 16. Qd2 Ne4 17. Qf4 Nef6 18. Rad1 Qb4 19.
Qf3 a6 20. c3 $14 {[%csl Gd4] 1-0 Ye Jiangchuan-Pelletier,Y/Bled Olympiad 2002/
(38)}) 12. f3 (12. Qf3 O-O 13. Nf5 Bd8 14. Be3 g6 15. Ng3 Re8 16. Rfd1 Qc8 17.
c3 a5 18. a4 Ra6 19. h3 Nxg3 20. Qxg3 Ne4 $11 {1/2-1/2 Holzke,F-Psakhis,L/
Pardubice KB op 2003/ (26)}) 12... Nd6 13. Nc5 Qc8 (13... Qc7 $5 14. Nd3 O-O
15. b3 (15. Kh1 Rfe8 16. Bf4 Qb6 17. c3 Nc4 18. b3 Na3 19. Qd2 Bf8 20. Rfe1 g6
21. Be3 Qc7 22. Bf4 Qb6 23. h3 Rac8 24. Rxe8 Rxe8 25. Re1 $14 {1/2-1/2 Adams,
M-Baklan,V/FRA t-ch 2003/ (41)}) 15... Rfe8 16. Be3 g6 (16... Nd7 17. Qd2 Bf6
18. Rfe1 Nb6 19. Bf2 h6 20. a4 Rad8 21. Rxe8+ Rxe8 22. Re1 Rxe1+ 23. Nxe1 Nbc8
24. Nd3 Ne7 25. Ne2 Ndf5 $13 {1-0 Timofeev,A-Lastin,A/Moscow Aeroflot op-A
2004/(62)}) 17. Qd2 Bf8 18. a4 a6 19. Rfe1 Bg7 20. Bf2 Rac8 21. Rxe8+ Ndxe8 22.
Re1 Nd7 23. Qf4 Qd8 24. g4 Nf8 $11 {1/2-1/2 Grigoriants,S-Dolmatov,S/RUS-ch
Krasnoyarsk 2003/ (33)}) 14. Nd3 O-O {As practice has sufficiently shown,
Black doesn't experience any serious problems in this line.} 15. b3 (15. Be3
Bd8 (15... Re8 16. Bf2 Nf5 17. Qd2 Bd6 18. Rae1 Nxd4 19. Bxd4 Qf5 20. Rxe8+
Nxe8 21. Re1 Nc7 22. Be5 Bxe5 23. Rxe5 $14 {1/2-1/2 McShane,L-Summerscale,A/
Southend Redbus KO 2002/ (35)}) 16. Bf2 Re8 17. a4 (17. Re1 Bb6 18. Qd2 Qc4 19.
b3 Qc7 20. Rxe8+ Rxe8 21. Re1 Qd7 22. Rxe8+ Ndxe8 23. a4 Qd8 24. g3 g6 25. Kg2
Kg7 26. Qc3 Kg8 27. Qd2 Kg7 28. Nf4 $14 {Godena,M-Sharif,M/FRA t-ch final 2004/
1/2-1/2 (43)}) 17... Nc4 $5 $146 (17... Nf5 18. Qd2 Bb6 19. Nxf5 Bxf2+ 20. Qxf2
Qxf5 21. Rfe1 Qc8 (21... a6 {but then} 22. Qb6 $5 {[%csl Gb6,Rb7]}) 22. Rxe8+
Qxe8 23. b3 Qc6 24. Re1 Re8 (24... a5 {might be better here.}) 25. Rxe8+ Nxe8
26. Qe3 $14 {1-0 McShane,L-Pert,N/BCF-ch Torquay 2002/CBM 91/[McShane] (43)}) (
17... a6 18. Kh1 (18. c3 $5 {[%cal Yd1b3]}) 18... Bb6 19. a5 Ba7 20. b3 Qd7 21.
Nf4 Rac8 22. Qd2 h6 {1/2-1/2 Wells,P-Kindermann,S/AUT t-ch 0203 2003/ (22)})
18. Qc1 (18. b3 Ne3 19. Bxe3 Rxe3 20. Qd2 Re8 {[%cal Gd8b6]} 21. a5 $5) 18...
Bb6 {[%csl Gb6][%cal Gb6f2] This is also a typical manoeuvre in such positions.
} 19. b3 Na5 {[%cal Ga5c6] Sergey Dolmatov wants to exchange the strong white
knight. Understanding which pieces must be exchanged and which must be keet
characterizes a very good player!} (19... Ne5 20. Nxe5 Rxe5 21. Qd2 $14) 20.
Qf4 Nc6 {An optimal place for the knight} (20... Bxd4 21. Bxd4 Qxc2 22. Nb4
$140 Nh5) 21. Nf5 $1 {[%csl Gf5]} Bxf2+ 22. Rxf2 Qd8 23. g4 {[%csl Gf5]} (23.
Rd1 Nh5 24. Qg4 g6 $11 {doesn't give something special for White.}) 23... d4 $5
{[%cal Gf6d5,Gd5e3]} 24. Qg5 (24. Nd6 Re7) 24... g6 25. Nh6+ Kg7 (25... Kf8 26.
Qf4 $5 $36) 26. Nf5+ Kg8 27. Nh6+ {1/2-1/2 Akopian,V-Dolmatov,S/RUS t-ch
Dagomys 2004/CBM 101/[Psakhis] This is a quite important game for theory.}) (
15. Re1 Bd8 $1 (15... Re8 16. Bg5 Bd8 17. c3 Rxe1+ 18. Nxe1 Nh5 19. Be3 Nc4 20.
Bf2 Bb6 21. Nd3 Qd7 22. b3 Nd6 23. Qd2 Nf6 24. Kh1 Re8 $11 {1-0 Ionica,I-Medic,
M/Rijeka WGM 2005/(72)}) 16. c3 h6 $5 $146 (16... Bb6 17. Be3 $14) 17. a4 (17.
Bf4 Nc4 18. b3 Na5 19. Qd2 Nc6 20. Bd6 Re8 $132) (17. Be3 $5) 17... Nc4 $1 (
17... Bb6 18. Be3 $14) 18. Kh1 (18. b3 Na5 19. Be3 Bb6 $11) 18... Bb6 19. b3
Na5 $1 20. Ba3 Re8 $11 {1/2-1/2 Timofeev,A-Potkin,V/Russia 90/241 2004(41)})
15... Bd8 16. Kh1 $146 {According to my database, this position appeared for
the first time.} (16. Be3 Bb6 ({RR} 16... Re8 17. Bf2 Ba5 18. a4 a6 19. b4 Bb6
20. a5 Ba7 21. Nb3 Bxf2+ 22. Rxf2 Qc3 23. Qd2 Qc4 $11 {Sakelsek,T-Doornbos,Y/
FRA t-ch 2004/ChessBase/1/2-1/2 (65)}) 17. Qd2 Re8 18. Bf2 Qc7 19. Rae1 Red8
20. Re2 Rac8 21. Qf4 Qc3 22. Rfe1 h6 23. h3 {1/2-1/2 Nezad,H-Sharavdorj,D/
Asia-ch Doha 2003/}) 16... Re8 17. Qd2 $5 (17. Re1 Rxe1+ 18. Qxe1 Bb6 $11)
17... Nf5 18. Bb2 Bb6 19. Nxf5 Qxf5 {The future of this variation depends upon
the evaluation of this position.} 20. g4 $1 {A straightforward approach!} Qe6
$8 (20... Qg6 21. Ne5 $1 Rxe5 22. Bxe5 Nxg4 $5 23. fxg4 Qe4+ 24. Qg2 Qxe5 25.
Rae1 Qd6 26. Rf5 $18) 21. Rae1 (21. Nf4 Qe3 (21... Qd6 $143 22. Bxf6 Be3 23.
Qxd5 Qxf4 24. Bh4 $14) 22. Qxe3 Bxe3 23. Ng2 d4 24. Rad1 Rac8 $11) 21... Be3 (
21... Qd6 $5 22. Qf4 Qc6 23. Bxf6 gxf6 {[%csl Rc2]} 24. c4 dxc4 25. bxc4 Ba5 $5
$13) 22. Qb4 a5 {This move is the main reason for further difficulties for
Black.} (22... Qc6 $142 $5 23. Bxf6 Qxf6 24. Qxb7 Rad8 $44) 23. Qxb7 Rab8 24.
Qc7 $8 Rbc8 25. Qg3 (25. Qxa5 $142 Rxc2 26. Bxf6 gxf6 (26... Qxf6 $2 27. Rxe3
$18) 27. Rf2 $1 $14) 25... Rxc2 26. Bd4 Ne4 $1 {I believe that Azarov missed
this great move. Now Black is OK.} 27. fxe4 Bxd4 28. Nf4 (28. e5 Rxa2) 28...
Qc8 29. exd5 (29. Nxd5 $2 Be5 $1) 29... Be5 30. Qf3 (30. Qf3 Qc7 $132) 1/2-1/2

[Event "RUS-ch Superfinal"]
[Site "Moscow"]
[Date "2005.12.19"]
[Round "1"]
[White "Rublevsky, Sergei"]
[Black "Bareev, Evgeny"]
[Result "1-0"]
[WhiteElo "2652"]
[BlackElo "2675"]
[Annotator "Psakhis,L"]
[PlyCount "71"]
[EventDate "2005.12.19"]
[EventType "tourn"]
[EventRounds "11"]
[EventCountry "RUS"]
[EventCategory "17"]
[SourceTitle "CBM 111"]
[Source "ChessBase"]
[SourceDate "2006.04.04"]
[SourceVersion "1"]
[SourceVersionDate "2006.04.04"]
[SourceQuality "1"]

1. e4 e6 2. d4 d5 3. Nd2 c5 4. Ngf3 Nf6 5. exd5 exd5 6. Bb5+ Bd7 7. Bxd7+ Nbxd7
8. O-O Be7 9. Re1 ({Rublevsky and Bareev have already played this variation at
the 1998 Russian Championship in Saint Petersburg. White chose} 9. dxc5 {
and after} Nxc5 10. Nb3 Nce4 11. Nfd4 Qd7 12. Qf3 O-O 13. Qf5 Qd8 14. Bf4 g6
15. Qh3 Re8 16. Rad1 Bd6 {a draw was agreed.}) 9... O-O 10. dxc5 Nxc5 11. Nf1
Re8 12. Be3 {This plan is considered to be the most unpleasant for Black as
White can play for a win without any risk.} b5 {Donev: 'Schwächt das Feld a5.'}
(12... Qc7 13. c3 Ncd7 14. Bd4 Bc5 15. Ne3 Re4 16. Bxc5 (16. Bxf6 Nxf6 17. Nxd5
Bxf2+ 18. Kxf2 Qc5+ 19. Kg3 Qd6+ 20. Kf2 Qc5+ 21. Kg3) 16... Qxc5 17. Nd2 Re5
18. Qb3 Nb6 19. a4 Rae8 $13 {Svidler,P (2713)-Pelletier,Y (2623)/Poikovsky
2003/CBM 95/1/2-1/2 (33)}) (12... Ne6 13. Nd4 a6 14. Qf3 Rc8 15. c3 Bc5 16. Nb3
Bf8 17. h3 b5 {1/2-1/2 Xie Jun (2564)-Short,N (2684)/Taiyuan Sanjin Hotel Cup
2004/T 507}) (12... Nce4 13. c3 Qc7 14. Bd4 Bc5 15. Ne3 Rad8 16. Qd3 Qb6 17.
Re2 Bxd4 18. Nxd4 Nc5 19. Qc2 Qa6 20. a3 Qd3 21. Qxd3 Nxd3 22. Rd1 Nc5 23. Kf1
Rd7 24. Ng4 Nce4 25. Nxf6+ Nxf6 26. Rxe8+ Nxe8 27. Nf5 {1-0 Adams,M (2740)
-Pelletier,Y (2545)/FRA t-ch 0102 2002/ChessBase (51)}) ({According to theory} 
12... a5 $5 {has the best reputation, but I am sure that Sergei Rublevsky had
in mind intreresting ideas.} 13. c3 (13. Bd4 Ne6 14. Ne3 (14. Be5 Bc5 15. Re2
Ne4 16. Ne3 N6g5 17. Nxg5 Qxg5 18. Bd4 Nxf2 19. Rxf2 Bxd4 20. Qxd4 Qxe3 21.
Qxd5 Re7 22. Rd1 h6 {1/2-1/2 Rozentalis,E (2645)-Gurevich,M (2620)/Belfort
1997/ChessBase}) 14... Nxd4 15. Qxd4 $6 (15. Nxd4 $140) 15... Rc8 16. Qd3 Bc5
17. Nd4 Qb6 $36 {1/2-1/2 Ramesh,R (2467)-Ravi,L (2383)/Calcutta op 2001/
ChessBase (34)}) (13. Re2 b5 14. Bd4 Ne6 15. Be5 Ng4 16. Bg3 b4 {with
sufficient counterplay.}) 13... a4 14. a3 Nb3 15. Rb1 Qd7 16. Qc2 Na5 17. Re2
Nc4 18. Rbe1 Nxe3 19. Nxe3 Bc5 20. Qd3 Re6 21. Nd4 Re5 22. Nec2 Rxe2 23. Rxe2
Re8 {1/2-1/2 Ponomariov,R (2616)-Dizdar,G (2549)/SLO t-ch Bled 1999/ChessBase 
(47)}) 13. c3 (13. Bd4 Ne6 14. Be5 $5 (14. Ne3 Nxd4 15. Qxd4 Rc8 16. Qd3 {
Donev: '/\Rad1 oder Nf5'} (16. Qxa7 $2 Bc5 17. Qa6 Rb8 18. Nf5 Ng4 19. Rxe8+
Qxe8 20. N3d4 Bxd4 21. Nxd4 Qe5 $36 {1/2-1/2 Rublevsky,S (2565)-Ulibin,M (2510)
/Elista 1994/ChessBase (43)})) 14... Ng4 15. Ne3 Nxe3 (15... Nxe5 16. Nxe5 d4
17. Nf5 $14) 16. Rxe3 {Donev: 'Mit jedem Figurenabtausch werden die schwarzen
Angriffschancen vermindert und der schwache Isolani d5 spürbarer.'} Qd7 17. Qd2
Rad8 18. Rd1 Nc5 19. Bc3 Bf8 20. Rxe8 Qxe8 21. Bd4 $14 {1-0 Yurtaev,L (2495)
-Ulibin,M (2555)/Kstovo 1997/CBM 59/ (40)}) 13... Qd7 ({The continuation} 13...
a5 14. Bd4 b4 {looks logical but in the game Svidler-Ulibin, Maikop 1998 it
was met by} 15. Ne3 Nce4 16. c4 dxc4 17. Nxc4 Rc8 18. Nb6 Rb8 19. Nc4 Rc8 20.
Nb6 Rb8 21. Na4 Bf8 22. Rc1 Qd5 23. Qb3 Qxb3 24. axb3 {with a better ending
for White due to the weakness of the Pa5.}) 14. Bd4 {[%mdl 4]} Rad8 $146 {
Only this move turns out to be a novelty.} (14... Nce4 {led to equality after}
15. Ne5 (15. Ne3 $5 {looks more logical.}) 15... Qb7 16. Nd3 Ng5 17. Ne3 Ne6
18. Nf5 Nxd4 19. Nxe7+ Rxe7 20. cxd4 Rxe1+ 21. Qxe1 Qb6 22. Nc5 {Yemelin -
Dokutchaev, Novgorod 1995.}) 15. Ne3 Nce4 16. Qb3 {[%csl Rd5] As usual, the
best results are obtained by playing for small advantages, by not overreacting!
} a6 17. Ne5 Qb7 18. Nd3 $14 {[%csl Rc5][%cal Ga2a4,Gf2f3] The c5 square is
under White's control.} Qc6 19. a4 $1 Nd2 (19... Bd6 20. axb5 axb5 21. Nf5 $36)
20. Qc2 (20. axb5 $5) 20... Nc4 21. axb5 axb5 ({Or} 21... Nxe3 $5 22. Rxe3 axb5
23. Rae1 Bf8 24. Ne5 $14) 22. Nf5 {White's got a clear plan to improve his
position, while it is not so easy for Black to come up with active
counter-play.} Bf8 (22... Qd7 23. Nxe7+ Rxe7 24. Bxf6 $16 (24. b3 $5)) 23. b3 {
Rublevsky skilfully changes the direction of his attack - White's knight will
run soon on e5, very close to the residence of the black monarch .} Nb6 (23...
Na3 {[%csl Ra3]}) 24. Ne5 Qe6 25. f3 $5 (25. Ra6 Rb8 26. Ng3 $5 $14) 25... Ra8
$6 ({In case of} 25... Nbd7 $1 {White would have had a great choice:} 26. Nxd7
Qxd7 27. Nh6+ $5 ({After} 27. Bxf6 gxf6 28. Rxe8 Rxe8 29. b4 $1 Rc8 {[%csl Rc3]
Black has chances to defend.}) 27... gxh6 (27... Kh8 28. Qf5 $16) 28. Bxf6 Rc8
29. Qd2 $16) 26. Rad1 b4 ({Possibly} 26... Nbd7 $5 $16 {would have been
somewhat more stubborn, although the outcome of the game was decided anyway.})
27. Ng4 $1 {[%csl Gd4,Gf5,Gg4] The beginning of a decisive attack.} Qxe1+ 28.
Rxe1 Rxe1+ 29. Kf2 Rea1 30. Nfh6+ $1 $18 Kh8 (30... gxh6 31. Nxf6+ Kh8 32.
Qxh7#) 31. Nxf7+ Kg8 32. Nfh6+ Kh8 33. Nxf6 $1 gxf6 (33... R8a2 34. Nf7#) 34.
Qf5 {[%csl Rh8]} Bg7 35. Nf7+ (35. Qxf6 $5 {wins as well.}) 35... Kg8 36. Qe6
1-0